000 00988nam a2200265Ia 4500
003 OSt
005 20220923211338.0
006 a|||||r|||| 00| 0
007 ta
008 220922b |||||||| |||| 00| 0 hin d
020 _a9788183152488 (hbk)
_c800
024 _a281,841
037 _b196, 17/11/2014, Vidyanidhi Prakashan
_cTextual
040 _aARTS
_cARTS
_bhin
041 _2hin
_ahin
082 _aR635, 152Q4
100 _aचमोली, बन्दना
_9156318
245 0 _aयोग एंव स्वास्थ्य
_b एक दार्शनिक विवेचन
246 _aYog eanva swāsthya: ek dārshanik vivechana
260 _aदिल्ली
_b न्यू भारतीय बुक कॉरपोरेशन
_c2014
300 _a301पृ.
_ccm.
650 _aधर्म
942 _hR635, 152Q4
_cTEXL
_2CC
999 _c298666
_d298666